Process : (Record no. 353850)
[ view plain ]
| 000 -LEADER | |
|---|---|
| fixed length control field | 01296nam a2200277 a 4500 |
| 001 - CONTROL NUMBER | |
| control field | ASIN1856697258 |
| 003 - CONTROL NUMBER IDENTIFIER | |
| control field | OSt |
| 005 - DATE AND TIME OF LATEST TRANSACTION | |
| control field | 20180116192419.0 |
| 008 - FIXED-LENGTH DATA ELEMENTS--GENERAL INFORMATION | |
| fixed length control field | 131127s2011 xxu eng d |
| 020 ## - INTERNATIONAL STANDARD BOOK NUMBER | |
| International Standard Book Number | 1856697258 |
| Terms of availability | $45.00 |
| 020 ## - INTERNATIONAL STANDARD BOOK NUMBER | |
| International Standard Book Number | 978-1856697255 |
| 040 ## - CATALOGING SOURCE | |
| Transcribing agency | 0 |
| 050 04 - LIBRARY OF CONGRESS CALL NUMBER | |
| Classification number | TS171 |
| 082 04 - DEWEY DECIMAL CLASSIFICATION NUMBER | |
| Classification number | 745.2 |
| 100 1# - MAIN ENTRY--PERSONAL NAME | |
| Personal name | Hudson, Jennifer. |
| 9 (RLIN) | 7151 |
| 245 10 - TITLE STATEMENT | |
| Title | Process : |
| Remainder of title | 50 product designs from concept to manufacture / |
| Statement of responsibility, etc. | Jennifer Hudson. |
| 250 ## - EDITION STATEMENT | |
| Edition statement | 2nd ed. |
| 260 ## - PUBLICATION, DISTRIBUTION, ETC. | |
| Place of publication, distribution, etc. | [S.l.] : |
| Name of publisher, distributor, etc. | Laurence King Publishers, |
| Date of publication, distribution, etc. | 2011. |
| 300 ## - PHYSICAL DESCRIPTION | |
| Extent | 240 p. ; |
| Dimensions | 28 cm. |
| 520 ## - SUMMARY, ETC. | |
| Summary, etc. | This book provides an in-depth study of the creative and manufacturing processes behind 50 contemporary domestic design objects. Chosen from around the world, they span furniture, lighting, tableware, and textiles. The workof both long-established and emerging designers is featured, with each product selected for its significant use of new technology, unorthodox, or complex production process, use of innovative materials and, in some cases, for the creativeconcept behind it. |
| 650 #0 - SUBJECT ADDED ENTRY--TOPICAL TERM | |
| Topical term or geographic name entry element | Industrial design |
| 9 (RLIN) | 7152 |
| 650 #0 - SUBJECT ADDED ENTRY--TOPICAL TERM | |
| Topical term or geographic name entry element | Manufacturing processes |
| 9 (RLIN) | 7153 |
| 650 #0 - SUBJECT ADDED ENTRY--TOPICAL TERM | |
| Topical term or geographic name entry element | Product design |
| 9 (RLIN) | 7154 |
| 856 40 - ELECTRONIC LOCATION AND ACCESS | |
| Materials specified | Amazon.com |
| Uniform Resource Identifier | <a href="http://www.amazon.com/exec/obidos/ASIN/1856697258/chopaconline-20">http://www.amazon.com/exec/obidos/ASIN/1856697258/chopaconline-20</a> |
| 942 ## - ADDED ENTRY ELEMENTS (KOHA) | |
| Source of classification or shelving scheme | |
| Koha item type | Book |
| Withdrawn status | Lost status | Source of classification or shelving scheme | Damaged status | Not for loan | Permanent Location | Current Location | Date acquired | Total Checkouts | Total Renewals | Full call number | Barcode | Date last seen | Date last checked out | Cost, replacement price | Price effective from | Koha item type |
|---|---|---|---|---|---|---|---|---|---|---|---|---|---|---|---|---|
| School of Art Design and Architecture (SADA) | School of Art Design and Architecture (SADA) | 11/27/2013 | 9 | 3 | 745.2 HUD 2012 | SADA0002170 | 12/31/2025 | 11/15/2024 | 4125.42 | 11/27/2013 | Book |
